Fresh water generation from saline & contaminated textile wastewater using an active solar still coupled with a solar pond system (Record no. 535991)

000 -LEADER
fixed length control field 00713nam a22001817a 4500
003 - CONTROL NUMBER IDENTIFIER
control field NUST
038 ## - RECORD CONTENT LICENSOR
Staff Name IESE
082 ## - DEWEY DECIMAL CLASSIFICATION NUMBER
Classification number 628
Author Mark TAR
100 ## - MAIN ENTRY--PERSONAL NAME
Personal name Adnan Tariq
9 (RLIN) 30936
245 ## - TITLE STATEMENT
Title Fresh water generation from saline & contaminated textile wastewater using an active solar still coupled with a solar pond system
Statement of responsibility, etc. Adnan Tariq
260 ## - PUBLICATION, DISTRIBUTION, ETC.
Place of publication, distribution, etc. Islamabad
Name of publisher, distributor, etc. IESE (SCEE) NUST
Date of publication, distribution, etc. 2020
300 ## - PHYSICAL DESCRIPTION
Extent 78p.
440 ## - SERIES STATEMENT/ADDED ENTRY--TITLE
Title MS Environmental Engineering
9 (RLIN) 1549
500 ## - GENERAL NOTE
General note Thesis MS EE
650 ## - SUBJECT ADDED ENTRY--TOPICAL TERM
Topical term or geographic name entry element Environmental Engineering
9 (RLIN) 1550
700 ## - ADDED ENTRY--PERSONAL NAME
Relator code Dr. Yousuf Jamal (Supervisor)
942 ## - ADDED ENTRY ELEMENTS (KOHA)
Source of classification or shelving scheme
Koha item type Thesis
Call number prefix IESE
Holdings
Withdrawn status Lost status Source of classification or shelving scheme Damaged status Not for loan Permanent Location Current Location Shelving location Date acquired Total Checkouts Full call number Barcode Date last seen Price effective from Koha item type
        Not For Loan Institute of Environmental Science and Engineering (IESE) Institute of Environmental Science and Engineering (IESE) Thesis 09/29/2020   628 TAR IESE-T-744 09/29/2020 09/29/2020 Thesis
© 2023 Central Library, National University of Sciences and Technology. All Rights Reserved.